| 000 | 00330 a2200133 4500 | ||
|---|---|---|---|
| 003 | Nust | ||
| 005 | 20170207154745.0 | ||
| 040 | _cNust | ||
| 082 | _a799 | ||
| 245 |
_aOpen House (Photograph 2008) _bMCS |
||
| 260 |
_aRawalpindi _bMCS |
||
| 650 | _aPicture of Closing Address Open House 2008 (Photograph 2008 CD-17) | ||
| 651 | _aSweet Memories | ||
| 942 | _cBK | ||
| 999 |
_c199759 _d199759 |
||